Οι πετράδες της Λέσβου : κοινωνικά δίκτυα, τεχνικές και τοπική ιστορία (1850-1950)
Saved in:
| Main Author: | |
|---|---|
| Format: | Book |
| Language: | Greek |
| Published: |
Αθήνα :
Πολιτιστικό Ίδρυμα Ομίλου Πειραιώς,
c2020.
|
| Subjects: | |
| Tags: |
Add Tag
No Tags, Be the first to tag this record!
|
MARC
| LEADER | 00000cam a2200000 a 4500 | ||
|---|---|---|---|
| 001 | 1/122676 | ||
| 008 | 210215s2020####gr a||||||||||||| ||gre|| | ||
| 020 | |a 9789602442128 | ||
| 040 | |a GR-MyUa |b gre |c GR-MyUa |e AACR2 | ||
| 041 | 0 | |a gre | |
| 082 | 7 | |a 938.974 |2 (23) | |
| 100 | 1 | |a Χατζηλίας, Χρήστος. | |
| 245 | 1 | 3 | |a Οι πετράδες της Λέσβου : |b κοινωνικά δίκτυα, τεχνικές και τοπική ιστορία (1850-1950) / |c Χρήστος Ν. Χατζηλίας. |
| 260 | |a Αθήνα : |b Πολιτιστικό Ίδρυμα Ομίλου Πειραιώς, |c c2020. | ||
| 300 | |a 254 σ. : |b εικ. ; |c 28 εκ. | ||
| 504 | |a Περιλαμβάνει βιβλιογραφικές παραπομπές και ευρετήριο. | ||
| 650 | 0 | |a Building stones |z Greece |z Lesbos Island |v History. | |
| 651 | 0 | |a Lesbos Island (Greece) |x History |y 19th century. | |
| 651 | 0 | |a Lesbos Island (Greece) |x History |y 20th century. | |
| 852 | |a INST |b LESVOS |e 20210215 |h 938.974 ΧΑΤ |p 005100062139 |q 005100062139 |t BK |y 0 | ||
| 970 | |a Καμάτσου |b Δέσποινα |z 15-02-2021 | ||